| 000 | 00947nam a22002657a 4500 | ||
|---|---|---|---|
| 001 | BR8904318 | ||
| 003 | BR-BrBNA | ||
| 005 | 20230928093308.0 | ||
| 007 | ta | ||
| 008 | 230509b bl.||||| |||| 00| 0 por d | ||
| 040 |
_aBR-BrBNA _bpor _cBiblioteca Nacional de Agricultura |
||
| 041 | _a(Por) | ||
| 072 |
_aP34 _b1720 _b3920 |
||
| 090 | _ 1720 BR8904318 | ||
| 100 | 1 | _aOtto, R.F. | |
| 110 | 1 |
_aUniversidade Federal de Vicosa, MG (Brasil) _0Tese (Magister Scientiae) |
|
| 245 | 1 | _aEfeito de fungos micorrizicos vesiculo-arbusculares no crescimento do alho (Allium cepa L.)"Amarante" em sete niveis de fosforo | |
| 260 | 3 |
_aVicosa, MG (Brasil): _c1989. |
|
| 300 | _a62 p. | ||
| 500 | _a6 illus.; 10 tables; Bibliography p. 51-57 (62 ref.); Summaries (Eng, Por). (*) Documento disponível na(o) Universidade Federal de Vicosa, MG (Brazil) | ||
| 650 | _aALHO | ||
| 650 | _aMICORRIZA | ||
| 909 |
_a202309 _bLucia _c55 _dLucia Elande |
||
| 942 | _cBK | ||
| 999 |
_c44143 _d44143 |
||